| 000 | 00669nam a2200217 i 4500 | ||
|---|---|---|---|
| 001 | 130949 | ||
| 003 | ES-MaACL | ||
| 005 | 20240324063006.0 | ||
| 007 | t| | ||
| 008 | 070813s1944 sp ||||1| spa d | ||
| 100 | 1 |
_aWodehouse, P. G., _d1881-1975 _9117205 |
|
| 245 | 1 | 0 |
_aUn par de solteros / _cP. G. Wodehouse ; [traducción del inglés por E. Bertel]. |
| 250 | _a1ª ed. | ||
| 260 |
_a[Barcelona : _bs.n., _c1944] ( _fImp. Rubí) |
||
| 300 |
_a284 p. ; _c20 cm. |
||
| 490 | 1 | _aAl monigote de papel | |
| 700 | 1 |
_aBertel, Emilia. _928431 |
|
| 830 | 0 |
_aAl monigote de papel _9181405 |
|
| 852 |
_aES-MaACL _jB-10576 _bR.21679 |
||
| 999 |
_c130949 _d130949 |
||